000
00211 a2200097 4500
001
14337
100
_a
Hans, N
245
_a
Comparative education
260
_a
London
_b
Routledge Kegan
_c
090
_c
11239
_d
11239
942
_a
NUST-CAE
_c
M
_c
1380
999
_c
249410
_d
249410